Longest Running US TV Shows - Statistics

General Stats
  • This quiz has been taken 423 times
  • The average score is 4 of 10
Answer Stats
Hint Answer % Correct
25 yrs The Simpsons
84%
11 yrs cancelled and brought back Family Guy
59%
14 yrs CSI
44%
10 yrs Grey's Anatomy
38%
17 yrs South Park
38%
11yrs NCIS
35%
15 yrs Law and Order Special Victims Unit
29%
10 yrs American Dad
26%
10 yrs Criminal Minds
17%
11 yrs Two and a Half Men
7%
No matching quizzes found
Score Distribution
Percent of People with Each Score
Percentile by Number Answered
Your Score History
You have not taken this quiz